| 000 | 00734nam a2200229 i 4500 | ||
|---|---|---|---|
| 001 | 12632 | ||
| 003 | ES-MaACL | ||
| 005 | 20230906150349.0 | ||
| 007 | t| | ||
| 008 | 960920s1996 sp ||||0| spa j | ||
| 020 | _a84-87111-83-1 | ||
| 040 |
_aM-BN _bspa _cM-BN |
||
| 080 | _a886.2-14"19" | ||
| 100 | 1 |
_aMaruna, Boris. _978573 |
|
| 245 | 1 | 0 |
_aLimitaciones _b: poemas escogidos 1972-1988 / _cBoris Maruna ; traducción de, Jadranka Vrsalovic Carevic, Cecilio Fernández Bustos. |
| 260 |
_aAranjuez : _bDoce Calles, _cD.L. 1996. |
||
| 300 |
_a62 p ; _c23 cm. |
||
| 700 | 1 |
_aVrsalovic Carevic, Jadranka. _9115769 |
|
| 700 | 1 |
_aFernández Bustos, Cecilio. _949529 |
|
| 852 |
_aES-MaACL _jL-20058 _bR.125925 |
||
| 999 |
_c12632 _d12632 |
||